009290000a220022900045007000029000007000030000297000036000590900013000951000029001082450219001376510039003566900028003956900024004236900025004476900029004726900036005010410014005370440013005519420013005647730105005779990017006821 aRoldán, Gabriel9996361 aArango, Alexandra91006731 aAlvarez, Luisa Fernanda9100674 aSERIADAS1 aContreras, Jairo910067510aEvaluación de la calidad del agua de las microcuencas La Laucha, La Lejía ya La Rastrojera utilizando los macroinvertebrados como bioindicadores, municiipio de durania, departamento Norte de Santander, Colombia 4dNorte de SantandermDurania992749 aCalidad del agua992495 aMicrocuencas916290 aBioindicadores94131 aMacrovertebrados9100677 aContaminación del agua9936200 aEspañol aColombia cARTICULO1 tRevista de la Academia Colombiana de Ciencias Exactas, físicas y naturalesh123q171-193d2008g32 c16363d16363